|
|
|
|
| LEADER |
00000ckm a2200000 a 4500 |
| 001 |
vtls001467209 |
| 003 |
SK-MaSNL |
| 005 |
20260331204251.0 |
| 007 |
kf co |
| 008 |
230706q2004 xo g 0kuslo |
| 015 |
|
|
|a SNBG2005/01-00036
|
| 035 |
|
|
|a SNK000422514
|
| 035 |
|
|
|a urn:nbn:sk:snk-km003ryh
|
| 035 |
|
|
|a D7E9CDAD-9E04-45F9-95B1-90F679DD4281
|
| 035 |
|
|
|a urn:nbn:sk:snk-kmtght
|
| 040 |
|
|
|a SNK
|b slo
|c SNK
|e AACR2
|
| 041 |
0 |
|
|a slo
|
| 043 |
|
|
|a e-xo---
|
| 044 |
|
|
|a xo
|c SK
|
| 080 |
|
|
|a 908
|2 1981
|
| 080 |
|
|
|a 234.372.4
|2 1981
|
| 080 |
|
|
|a (084.121)
|2 1981
|
| 080 |
|
|
|a (437.6)
|2 1981
|
| 100 |
1 |
|
|a Tarábek, Ján,
|d 1978-
|4 pht
|9 178454
|
| 245 |
1 |
0 |
|a Západné Tatry
|h grafika
|b hrebeň Červených vrchov : Kmeťov vodopád : záver Tichej doliny zo sedla Závory
|c foto Ján Tarábek
|
| 246 |
1 |
|
|i Názov na obrazovej časti:
|a Západné Tatry
|
| 260 |
|
|
|a [Nitra]
|b FOTAR
|c [2004?]
|e Skalica
|f Grafobal
|
| 300 |
|
|
|a 1 pohľadnica (4 čiastkové pohľady)
|b farebná
|c 15 x 11 cm
|
| 500 |
|
|
|a Na adresnej časti uvedené: "FOTO © Ján Tarábek"
|
| 500 |
|
|
|a Rok vydania určený na základe prírastkového čísla
|
| 520 |
8 |
|
|a Zobrazenie:
|
| 651 |
|
7 |
|a Západné Tatry (Poľsko a Slovensko : pohorie)
|2 SNKPHgeo
|9 68765
|
| 655 |
|
7 |
|a geografické pohľadnice
|2 SNKPH
|9 70522
|
| 852 |
|
|
|a Slovenská národná knižnica
|
| 958 |
|
|
|a GBN
|
| 958 |
|
|
|a GC
|
| 999 |
|
|
|c 558713
|d 560643
|
| 952 |
|
|
|t P60, <03>, [BOOK], {603}, -K-
|a SNK
|b SNK
|y PREZ
|7 0
|p 17A0411749
|o snkSP 151731
|i snkPV 109/2004
|0 0
|1 0
|4 0
|d 2004-01-29
|f 1
|l 0
|r 2005-01-02 00:00:00
|w 2026-02-23
|
| 952 |
|
|
|t P60, <04>, [BOOK], {604}
|a SNK
|b SNK
|y PREZ
|7 0
|p 17A0411750
|o snkSP 151731 D1
|i snkPV 110/2004
|0 0
|1 0
|4 0
|d 2004-01-29
|l 0
|r 2005-01-02 00:00:00
|w 2026-02-23
|